| 000 | 01062cab a2200277 4500 | ||
|---|---|---|---|
| 001 | ABS58399 | ||
| 008 | 090401t1997 xxu||||| |||| 00| 0 eng d | ||
| 035 | _a(Sirsi) u85095 | ||
| 041 | _aeng | ||
| 100 | _aDavenport, D. | ||
| 245 | _aClient satisfaction with construction cost - a comparative study of French and UK performance | ||
| 260 | _c1997 | ||
| 350 | _a0 | ||
| 490 |
_aJournal of Financial Management of Property and Construction _v2(3) November 1997, 77-94(18) |
||
| 520 | _aEvaluates findings from a questionnaire survey, assessing how the UK and French construction industries perform in relation to client expectations, and the effect of client participation and expertise on client ratings for construction final delivery costs. | ||
| 650 | _aCLIENT EXPECTATIONS | ||
| 650 | _aCLIENT EXPERIENCE | ||
| 650 | _aCONSTRUCTION COSTS | ||
| 650 | _aCONSTRUCTION INDUSTRY | ||
| 650 | _aFRANCE | ||
| 650 | _aQUESTIONNAIRE | ||
| 650 | _aUNITED KINGDOM | ||
| 690 | _aBUILT ENVIRONMENT-BUILDING COSTS | ||
| 942 | _n0 | ||
| 948 | _c19/03/1998 | ||
| 999 |
_c53505 _d53505 |
||